000 01243cab a22002175a 4500
001 L155876
008 120418e2012 xxk 000 0 eng d
035 _a(Sirsi) u155876
041 0 _aeng
110 2 _aColliers International
_95548
245 0 0 _aVietnam research and forecast report
_b1Q 2012
_h[electronic resource]
260 _a[S.l.]
_bColliers International
_c2012
490 0 _aColliers International Vietnam Research and Forecast Report
_v1Q 2012
520 _aHanoi and Ho Chi Minh City experienced a downward trend in apartment selling prices and office/retail asking rents in 1Q 2012. Economic factors continue impacting negatively on property market performance. Competition to attract office tenants is fierce. Potential retail market still attracts international developers. Large surplus of new buildings will cause downward pressure on office, retail, and apartment selling prices in the next quarter. Provides market indicators: economy; office, retail and apartment sectors.
590 _aKA
651 4 _aVietnam
690 _aCommercial property
_96227
690 _aResidential property
_96266
856 4 0 _uhttps://dsg.colliers.com/document.aspx?report=2771.pdf
_zView the report at dsg.colliers.com
942 _n0
999 _c83924
_d83924